Nationalities of MLB Players - Statistics

General Stats
  • This quiz has been taken 114 times
  • The average score is 17 of 27
Answer Stats
# of players Country % Correct
540 United States
99%
29 Cuba
93%
145 Dominican Republic
91%
10 Japan
91%
22 Mexico
91%
17 Canada
89%
99 Venezuela
82%
10 Colombia
81%
4 Brazil
80%
4 South Korea
77%
9 Panama
75%
1 China
74%
5 Australia
72%
2 Germany
69%
1 Honduras
66%
8 Italy
65%
1 Bahamas
60%
3 Spain
57%
9 Netherlands
56%
5 Nicaragua
56%
1 Peru
55%
7 Taiwan
55%
2 South Africa
46%
1 Ireland
34%
1 Greece
20%
1 Lithuania
7%
1 Saudi Arabia
5%
No matching quizzes found
Score Distribution
Percent of People with Each Score
Percentile by Number Answered
Your Score History
You have not taken this quiz